Применение инновационной буровой установки УРАЛМАШ 6000/400 ЭК-БМЧ ("АРКТИКА") в условиях Крайнего Севера; Проблемы геологии и освоения недр; Т. 2

מידע ביבליוגרפי
Parent link:Проблемы геологии и освоения недр: труды XVIII Международного симпозиума имени академика М. А. Усова студентов и молодых ученых, Томск, 7-11 апреля 2014 г./ Национальный исследовательский Томский политехнический университет (ТПУ), Институт природных ресурсов (ИПР) ; Общество инженеров-нефтяников, международная некоммерческая организация, Студенческий чаптер ; под ред. А. Ю. Дмитриева.— , 2014
Т. 2.— [С. 381-382]
מחבר ראשי: Харченко Д. А.
מחבר תאגידי: Национальный исследовательский Томский политехнический университет (ТПУ) Институт природных ресурсов (ИПР) Кафедра бурения скважин (БС)
מחברים אחרים: Самохвалов М. А. Михаил Андреевич (научный руководитель)
סיכום:Заглавие с экрана
שפה:רוסית
יצא לאור:
סדרה:Современные технологии и техника бурения нефтяных и газовых скважин
נושאים:
גישה מקוונת:http://earchive.tpu.ru/handle/11683/65653
http://www.lib.tpu.ru/fulltext/c/2014/C11/V2/171.pdf
פורמט: MixedMaterials אלקטרוני Book Chapter
KOHA link:https://koha.lib.tpu.ru/cgi-bin/koha/opac-detail.pl?biblionumber=608610

MARC

LEADER 00000naa2a2200000 4500
001 608610
005 20231101132520.0
035 |a (RuTPU)RU\TPU\conf\6044 
035 |a RU\TPU\conf\6043 
090 |a 608610 
100 |a 20141006d2014 k y0rusy50 ca 
101 0 |a rus 
102 |a RU 
105 |a y z 100zy 
135 |a drcn ---uucaa 
181 0 |a i  
182 0 |a b 
200 1 |a Применение инновационной буровой установки УРАЛМАШ 6000/400 ЭК-БМЧ ("АРКТИКА") в условиях Крайнего Севера  |f Д. А. Харченко  |g науч. рук. М. А. Самохвалов 
203 |a Текст  |c электронный 
225 1 |a Современные технологии и техника бурения нефтяных и газовых скважин 
230 |a 1 компьютерный файл (pdf; 768 Kb) 
300 |a Заглавие с экрана 
320 |a [Библиогр.: с. 382 (3 назв.)] 
337 |a Adobe Reader 
461 1 |0 (RuTPU)RU\TPU\conf\5590  |t Проблемы геологии и освоения недр  |o труды XVIII Международного симпозиума имени академика М. А. Усова студентов и молодых ученых, Томск, 7-11 апреля 2014 г.  |o в 2 т.  |f Национальный исследовательский Томский политехнический университет (ТПУ), Институт природных ресурсов (ИПР) ; Общество инженеров-нефтяников, международная некоммерческая организация, Студенческий чаптер ; под ред. А. Ю. Дмитриева  |d 2014 
463 1 |0 (RuTPU)RU\TPU\conf\5595  |t Т. 2  |v [С. 381-382] 
610 1 |a труды учёных ТПУ 
610 1 |a электронный ресурс 
610 1 |a инновационные установки 
610 1 |a буровые установки 
610 1 |a УРАЛМАШ 6000/400 ЭК-БМЧ 
610 1 |a Крайний Север 
700 1 |a Харченко  |b Д. А. 
702 1 |a Самохвалов  |b М. А.  |c специалист в области нефтепромыслового оборудования  |c доцент Томского политехнического университета  |f 1948-  |g Михаил Андреевич  |2 stltpush  |4 727 
712 0 2 |a Национальный исследовательский Томский политехнический университет (ТПУ)  |b Институт природных ресурсов (ИПР)  |b Кафедра бурения скважин (БС)  |h 256  |2 stltpush  |3 (RuTPU)RU\TPU\col\18666 
801 2 |a RU  |b 63413507  |c 20210916  |g RCR 
856 4 |u http://earchive.tpu.ru/handle/11683/65653 
856 4 |u http://www.lib.tpu.ru/fulltext/c/2014/C11/V2/171.pdf 
942 |c BK